Szczegóły MARC21

Teoria pól kwantowych. [2], Nowoczesne zastosowania /

003 -Nazwa inst., której nr kontr. jest w polu 001 [,]
    • @
    • Nazwa instytucji, której n kontrolny jest w polu 001
    • NUKAT
005 -DATA I CZAS OSTATNIEJ MODYFIKACJI [,]
    • @
    • pole kontrolne
    • 20241231093605.0
020 -Międzynarod. znormalizowany nr książki - ISBN [ , ]
    • a
    • Numer ISBN
    • 8301129549 Find
040 -Instytucja sporządzająca opis [ , ]
    • a
    • Instytucja, która sporządziła opis (NP)
    • TOR U/ZS
    • c
    • Instytucja, która sporządziła rekord (NP)
    • TOR U/ZS
    • d
    • Instytucja, która zmodyfikowała rekord (P)
    • TOR U/AP
    • d
    • Instytucja, która zmodyfikowała rekord (P)
    • KAT U/22AS
041 -Język dokumentu [1, ]
    • a
    • Język tekstu (P)
    • polski
    • h
    • Język tekstu oryginalnego i/lub pośredniego (P)
    • angielski
942 -Rodzaj dokumentu [ , ]
    • c
    • Rodzaj dokumentu
    • Książka
100 -Hasło główne - nazwa osobowa [1, ]
    • a
    • Nazwa osobowa (NP)
    • Weinberg, Steven
    • d
    • Daty biograficzne (NP)
    • (1933-2021).
    • 9
    • KHW
    • 423657
240 -Tytuł ujednolicony [1,0]
    • a
    • Tytuł ujednolicony
    • Quantum theory of fields
    • l
    • Język tekstu
    • (pol.)
    • 9
    • KHW
    • 540724
245 -Strefa tytułu i oznaczenia odpowiedzialności [1,0]
    • a
    • Tytuł
    • Teoria pól kwantowych. Find
    • n
    • Oznaczenie części (P)
    • [2],
    • p
    • Nazwa części (P)
    • Nowoczesne zastosowania /
    • c
    • Pozostałe elementy strefy tytułu i oznaczenia odpowiedzialności (NP)
    • Steven Weinberg ; z ang. przeł. Lech Szymanowski.
246 -Wariant tytułu [3,0]
    • a
    • Tytuł (NP)
    • Nowoczesne zastosowania
260 -Strefa adresu wydawniczego [ , ]
    • a
    • Miejsce wydania (P)
    • Warszawa :
    • b
    • Nazwa wydawcy (P)
    • Wydaw. Naukowe PWN,
    • c
    • Data wydania (P)
    • 1999.
300 -Strefa opisu fizycznego [ , ]
    • a
    • Określenie formy książki i/lub objętość (NP)
    • 524 s. :
    • b
    • Oznaczenie ilustracji (NP)
    • il. ;
    • c
    • Format (NP)
    • 25 cm.
336 -Typ zawartości [ , ]
    • a
    • Termin opisujący typ zawartości
    • Tekst
    • b
    • Kod określający zawartość
    • txt
    • 2
    • Źródło (terminu i kodu)
    • rdacontent
337 -Typ mediów [ , ]
    • a
    • Tryb odtwarzania
    • Bez urządzenia pośredniczącego
    • b
    • Kod typu mediów
    • n
    • 2
    • Źródło (terminu i kodu)
    • rdamedia
338 -Typ/rodzaj nośnika [ , ]
    • a
    • Hasło opisujące typ nośnika
    • Wolumin
    • b
    • Kod typu nośnika
    • nc
    • 2
    • Źródło (terminu i kodu)
    • rdacarrier
504 -Uwaga dot. bibliogr. załącznikowej [ , ]
    • a
    • Uwaga dot. bibliografii załącznikowej
    • Bibliogr. przy rozdz.
536 -Uwaga dot. finansowania książki [ , ]
    • a
    • Tekst uwagi
    • Tytuł dotowany przez Ministra Edukacji Narodowej
080 -Uniwersalna Klasyfikacja Dziesiętna [ , ]
    • a
    • Symbol klasyfikacji
    • 530.145
    • 9
    • UKD
    • 8980
    • 2
    • Identyfikator wydania tablic
    • UDC-P058
    • b
    • Dopowiedzenie
    • Teoria kwantów. Fizyka kwantowa. Mechanika kwantowa. Kwantowa teoria pola.
980 -Symbol UKD [ , ]
    • a
    • UKD
    • 530.145
700 -Hasło dodatkowe - nazwa osobowa [1, ]
    • a
    • Nazwa osobowa (NP)
    • Szymanowski, Leszek. Find
    • e
    • Określenie rodzaju współpracy
    • Tł.
    • 9
    • KHW
    • 489509
710 -Hasło dodatkowe - nazwa ciała zbiorowego [2, ]
    • a
    • Nazwa ciała zbiorowego lub nazwa geograficzna jako pierwszy element (NP)
    • Wydawnictwo Naukowe PWN.
    • 4
    • Kod relacji
    • pbl
    • 9
    • KHW
    • 52648
920 -ISBN [ , ]
    • a
    • ISBN
    • 83-01-12954-9 Find
Data inwentaryzacji Lokalizacja Status udost. Numer inwentarzowy Sygnatura
2000-08-03BG1N.17555 
2002-01-23BG1N.18076 
2004-04-07BG1Z.102440Z.102440
2011-03-03BG1N.20020